000 00662nam a2200253Ia 4500
003 OSt
005 20220918211918.0
006 a|||||r|||| 00| 0
007 ta
008 220917b |||||||| |||| 00| 0 eng d
024 _a126,188
037 _cTextual
040 _aARTS
_cARTS
_beng
041 _2eng
_aeng
082 _aW:(R), L6;L7
100 _aRaphael D D
_981311
245 0 _aProblems of political philosophy
250 _a2nd
260 _aDelhi
_bMacmillan Co. of India
_c1977
300 _aviii,207p. illus
_ccm.
650 _aPOLITICAL SCIENCE
942 _hW:(R), L6;L7
_cTEXL
_2CC
999 _c249333
_d249333